=LDR 00000nam 2200000 4500 =001 INLIS000000000016193 =005 20130612111451 =008 ***********************************Ind** =035 ##$$0010-061300000016193 =041 ##$$a Ind =082 ##$$a 333.7 =090 ##$$a 333.7, Why p =100 ##$$a Whyman, Kathryn =245 ##$$a Plastik, Sumber daya hari ini, Kathryn Whyman =260 ##$$a 1993 $b Semarang =300 ##$$a 32 hlm., ilus, 24 cm =650 ##$$a Plastik =700 ##$$a Editor, Fagan, Margaret =850 ##$$a NBPNMAT